<?xml version="1.0" encoding="UTF-8"?>
<collection xmlns="http://www.loc.gov/MARC21/slim">
<record>
  <controlfield tag="001">171614</controlfield>
  <controlfield tag="005">20260527123126.0</controlfield>
  <datafield tag="024" ind1="7" ind2=" ">
    <subfield code="2">doi</subfield>
    <subfield code="a">10.1109/IJCNN64981.2025.11229335</subfield>
  </datafield>
  <datafield tag="024" ind1="8" ind2=" ">
    <subfield code="2">sideral</subfield>
    <subfield code="a">149394</subfield>
  </datafield>
  <datafield tag="037" ind1=" " ind2=" ">
    <subfield code="a">ART-2025-149394</subfield>
  </datafield>
  <datafield tag="041" ind1=" " ind2=" ">
    <subfield code="a">eng</subfield>
  </datafield>
  <datafield tag="100" ind1=" " ind2=" ">
    <subfield code="a">Álvarez-Rodríguez, Lorena</subfield>
  </datafield>
  <datafield tag="245" ind1=" " ind2=" ">
    <subfield code="a">Geometric Deep Learning for Essential Tremor Screening Using OCT-Derived 3D Point Clouds</subfield>
  </datafield>
  <datafield tag="260" ind1=" " ind2=" ">
    <subfield code="c">2025</subfield>
  </datafield>
  <datafield tag="520" ind1="3" ind2=" ">
    <subfield code="a">Essential tremor (ET) is a prevalent movement disorder characterized by motor and non-motor symptoms, often associated with neurodegeneration. Optical coherence tomography (OCT) has emerged as a valuable tool to identify retinal biomarkers in ET patients. This study presents a novel methodology for ET detection using 3D point clouds derived from retinal OCT layers. Leveraging advanced geometric deep learning (GDL) architectures, including PointTransformer, PointCNN, PointNet++ and SplineCNN, we evaluated the diagnostic potential of individual retinal layers, including the Retinal Nerve Fiber Layer (RNFL), Ganglion Cell Layer (GCL) and Bruch’s Membrane (BM), as well as their combined representation. Our approach achieved state-of-the-art results, with PointTransformer obtaining an F1-score of 0.85 using only BM retinal surface, while requiring just 2% of the original point cloud size. These findings underscore the diagnostic value of OCT-derived 3D data and demonstrate the potential of GDL for computational biomarker extraction in neurodegenerative disorders, offering a scalable and efficient framework for ET diagnosis.</subfield>
  </datafield>
  <datafield tag="536" ind1=" " ind2=" ">
    <subfield code="9">info:eu-repo/grantAgreement/ES/AEI/TED2021-131201B-I00</subfield>
    <subfield code="9">info:eu-repo/grantAgreement/ES/DGA/B23-23R</subfield>
    <subfield code="9">info:eu-repo/grantAgreement/EC/HORIZON EUROPE/101189689/EU/Human-Centred Machine Learning: Lighter, Clearer, Safer/ACHILLES</subfield>
    <subfield code="9">info:eu-repo/grantAgreement/ES/ISCIII/FORT23-00010</subfield>
    <subfield code="9">info:eu-repo/grantAgreement/ES/ISCIII/PI20-00437</subfield>
    <subfield code="9">info:eu-repo/grantAgreement/ES/ISCIII/PI23-00935</subfield>
    <subfield code="9">info:eu-repo/grantAgreement/ES/ISCIII/RD21-0002-0050</subfield>
    <subfield code="9">info:eu-repo/grantAgreement/ES/MICINN/PDC2022-133132-I00</subfield>
    <subfield code="9">info:eu-repo/grantAgreement/ES/MICINN/PID2023-148913OB-I00</subfield>
    <subfield code="9">info:eu-repo/grantAgreement/ES/MINECO-AEI/DPI2017-01726</subfield>
  </datafield>
  <datafield tag="540" ind1=" " ind2=" ">
    <subfield code="9">info:eu-repo/semantics/closedAccess</subfield>
    <subfield code="a">All rights reserved</subfield>
    <subfield code="u">http://www.europeana.eu/rights/rr-f/</subfield>
  </datafield>
  <datafield tag="655" ind1=" " ind2="4">
    <subfield code="a">info:eu-repo/semantics/conferenceObject</subfield>
    <subfield code="v">info:eu-repo/semantics/publishedVersion</subfield>
  </datafield>
  <datafield tag="700" ind1=" " ind2=" ">
    <subfield code="a">de Moura, Joaquim</subfield>
  </datafield>
  <datafield tag="700" ind1=" " ind2=" ">
    <subfield code="a">Vilades, Elisa</subfield>
    <subfield code="u">Universidad de Zaragoza</subfield>
    <subfield code="0">(orcid)0000-0001-9411-5834</subfield>
  </datafield>
  <datafield tag="700" ind1=" " ind2=" ">
    <subfield code="a">Garcia-Martin, Elena</subfield>
    <subfield code="u">Universidad de Zaragoza</subfield>
    <subfield code="0">(orcid)0000-0001-6258-2489</subfield>
  </datafield>
  <datafield tag="700" ind1=" " ind2=" ">
    <subfield code="a">Novo, Jorge</subfield>
  </datafield>
  <datafield tag="700" ind1=" " ind2=" ">
    <subfield code="a">Ortega, Marcos</subfield>
  </datafield>
  <datafield tag="710" ind1="2" ind2=" ">
    <subfield code="1">1013</subfield>
    <subfield code="2">646</subfield>
    <subfield code="a">Universidad de Zaragoza</subfield>
    <subfield code="b">Dpto. Cirugía</subfield>
    <subfield code="c">Área Oftalmología</subfield>
  </datafield>
  <datafield tag="773" ind1=" " ind2=" ">
    <subfield code="g">(2025), [8 pp.]</subfield>
    <subfield code="p">Proc. Int. Jt. Conf. Neural Netw.</subfield>
    <subfield code="t">Proceedings of ... International Joint Conference on Neural Networks</subfield>
    <subfield code="x">2161-4393</subfield>
  </datafield>
  <datafield tag="856" ind1="4" ind2=" ">
    <subfield code="s">1267750</subfield>
    <subfield code="u">http://zaguan.unizar.es/record/171614/files/texto_completo.pdf</subfield>
    <subfield code="y">Versión publicada</subfield>
  </datafield>
  <datafield tag="856" ind1="4" ind2=" ">
    <subfield code="s">3377558</subfield>
    <subfield code="u">http://zaguan.unizar.es/record/171614/files/texto_completo.jpg?subformat=icon</subfield>
    <subfield code="x">icon</subfield>
    <subfield code="y">Versión publicada</subfield>
  </datafield>
  <datafield tag="909" ind1="C" ind2="O">
    <subfield code="o">oai:zaguan.unizar.es:171614</subfield>
    <subfield code="p">articulos</subfield>
    <subfield code="p">driver</subfield>
  </datafield>
  <datafield tag="951" ind1=" " ind2=" ">
    <subfield code="a">2026-05-27-11:24:57</subfield>
  </datafield>
  <datafield tag="980" ind1=" " ind2=" ">
    <subfield code="a">ARTICLE</subfield>
  </datafield>
</record>
</collection>